|
|
|
|
| LEADER |
00000nam0a2200000 4500 |
| 001 |
262600 |
| 005 |
20231101233652.0 |
| 010 |
|
|
|a 5648006276
|
| 035 |
|
|
|a (RuTPU)RU\TPU\book\285583
|
| 090 |
|
|
|a 262600
|
| 100 |
|
|
|a 20140602d1988 k y0rusy50 ca
|
| 101 |
0 |
|
|a rus
|
| 102 |
|
|
|a UZ
|
| 105 |
|
|
|a y z 001zy
|
| 200 |
1 |
|
|a Деятельность индийского национального конгресса и региональных общественных организаций Индии (конец XIX - начало XX века)
|f И. М. Хашимов, М. М. Кутина
|g Академия наук Узбекской ССР, Институт востоковедения
|
| 210 |
|
|
|a Ташкент
|c Фан
|d 1988
|
| 215 |
|
|
|a 282 с.
|
| 333 |
|
|
|a Исключено из фонда НТБ ТПУ
|
| 700 |
|
1 |
|a Хашимов
|b И. М.
|g Ильяс Махкамович
|
| 701 |
|
1 |
|a Кутина
|b М. М.
|g Марина Михайловна
|
| 712 |
0 |
2 |
|a Академия наук Узбекской ССР
|b Институт востоковедения
|9 26956
|
| 801 |
|
1 |
|a RU
|b 63413507
|c 20140602
|
| 801 |
|
2 |
|a RU
|b 63413507
|c 20220314
|g RCR
|
| 942 |
|
|
|c BK
|